000 00908nam a22002897a 4500
001 BR2019000960
003 BR-BrBNA
005 20230928105428.0
007 ta
008 230509b bl.||||| |||| 00| 0 por d
020 _a978-85-68813-01-0
040 _aBR-BrBNA
_bpor
_cBiblioteca Nacional de Agricultura
041 _a(Por)
072 _aE10; E14; E50
090 _ E10 BR2019000960
110 1 _aMinistério da Integração Nacional, Brasília, DF (Brasil). Secretaria de Desenvolvimento Regional
_97423
245 1 _aPrêmio Celso Furtado de desenvolvimento regional; edição 2014: homenagem a Armando Dias Mendes
260 3 _aBrasília, DF (Brasil):
_c2015.
300 _a520 p.
650 _aINTEGRAÇÃO
650 _aDESENVOLVIMENTO SÓCIO-ECONÔMICO
650 _aGESTÃO
650 _aINOVAÇÃO
650 _aBIOGRAFIA
909 _a202309
_bLucia
_c55
_dLucia Elande
942 _cBK
999 _c85098
_d85098